| 000 | 00784nam a2200265 i 4500 | ||
|---|---|---|---|
| 999 |
_c200446181 _d64393 |
||
| 003 | TR-AnTOB | ||
| 005 | 20220111110259.0 | ||
| 007 | ta | ||
| 008 | 220111s1985 tur1 | ||
| 040 |
_aTR-AnTOB _beng _erda _cTR-AnTOB |
||
| 041 | 0 | _atat | |
| 050 | 1 | 4 |
_aPG3479.6.D36 _bY87 1985 |
| 090 |
_aPG3479.6.D36 _bY87 1985 |
||
| 100 | 1 |
_aEdemova, Uriye, _d1985- _eauthor _9135003 |
|
| 240 | 1 | 0 | _aюpek атеши:повестлер |
| 245 | 1 | 0 |
_aYupek ateshi: _bpovestler / _cUriye Edemova. |
| 246 | 3 | 0 | _aYupek ateşi. |
| 264 | 1 |
_aTaşkent : _b[publisher not identified], _c1985. |
|
| 300 |
_a335 pages ; _c23 cm |
||
| 336 |
_atext _2rdacontent _btxt |
||
| 337 |
_aunmediated _2rdamedia _bn |
||
| 338 |
_avolume _2rdacarrier _bnc |
||
| 942 |
_2lcc _cBK |
||